Age Old Stories with Moral Values/ (Record no. 207649)

MARC details
000 -LEADER
fixed length control field 00534nam a22001817a 4500
005 - DATE AND TIME OF LATEST TRANSACTION
control field 20241212151254.0
010 ## - LCCN (DPL NO)
LC control number B-761452
020 ## - INTERNATIONAL STANDARD BOOK NUMBER
International Standard Book Number 9789390842452
Terms of availability 350.00
035 ## - SYSTEM CONTROL NUMBER
System control number B-761452
037 ## - SOURCE OF ACQUISITION
Source of stock number/acquisition B.Jain publishers (P) Ltd.
082 ## - DEWEY DECIMAL CLASSIFICATION NUMBER
Classification number S
245 ## - TITLE STATEMENT
Title Age Old Stories with Moral Values/
260 ## - PUBLICATION, DISTRIBUTION, ETC. (IMPRINT)
Place of publication, distribution, etc New Delhi
Date of publication, distribution, etc 202?
Name of publisher, distributor, etc Vishu Books
270 ## - ADDRESS
Address B-1/E-7 Mohan Estate, Badarpur
City New Delhi
Postal code 110044
300 ## - PHYSICAL DESCRIPTION
Extent 78p.
Other physical details col.ill
Dimensions 28cm(Hb)
942 ## - ADDED ENTRY ELEMENTS (KOHA)
Source of classification or shelving scheme Dewey Decimal Classification
Item type Children Books
Call number suffix AGE
Classification part S
Holdings
Withdrawn status Lost status Not for loan Collection code Home library Current library Date acquired Source of acquisition Cost, normal purchase price Full call number Barcode Copy number Cost, replacement price Koha item type Public note
      Fiction Central Library Central Library 12/12/2024 Gift/9.12.24 350.00 AGE S B-761452 1 350.00 Children Books Gift

© Delhi Public Library
Hit Counter
free hit counter